جھو تن / (Record no. 104178)

MARC details
000 -LEADER
fixed length control field 00685nam a22001937a 4500
005 - DATE AND TIME OF LATEST TRANSACTION
control field 20230209115906.0
010 ## - LCCN (DPL NO)
LC control number UR-9520
020 ## - INTERNATIONAL STANDARD BOOK NUMBER
International Standard Book Number 9789350739013
Terms of availability 200.00
035 ## - SYSTEM CONTROL NUMBER
System control number U-8075
037 ## - SOURCE OF ACQUISITION
Source of stock number/acquisition DBAD/PUB
082 ## - DEWEY DECIMAL CLASSIFICATION NUMBER
Classification number 921
100 ## - MAIN ENTRY--PERSONAL NAME
Personal name ا و م پرکا ش و ا لمیکی
245 ## - TITLE STATEMENT
Title جھو تن /
Statement of responsibility, etc ا و م پرکا ش و ا لمیکی
246 ## - VARYING FORM OF TITLE
Title proper/short title Jhootan (autobiography) /
Remainder of title By Omprakash Walmiki
260 ## - PUBLICATION, DISTRIBUTION, ETC. (IMPRINT)
Place of publication, distribution, etc دہلی
Name of publisher, distributor, etc ایجوکیشنل پبلیشینگ ہاؤس
Date of publication, distribution, etc 2016 ء
270 ## - ADDRESS
Address ٣١٩١،وکیل سٹریٹ،کچہ پنڈت ، لال کان
City دھلی
Postal code 110006
Telephone number 23216162
300 ## - PHYSICAL DESCRIPTION
Extent 164ص
Dimensions 22cm(Hb)
942 ## - ADDED ENTRY ELEMENTS (KOHA)
Source of classification or shelving scheme Dewey Decimal Classification
Item type Urdu Bks
Classification part 921
Call number suffix ا و م
Holdings
Withdrawn status Lost status Not for loan Collection code Home library Current library Date acquired Source of acquisition Cost, normal purchase price Full call number Barcode Copy number Cost, replacement price Koha item type
      Non-fiction Patel Nagar Patel Nagar 24/10/2016 DBAD/PUB 200.00 921 ا و م U-8075 1 200.00 Urdu Bks

© Delhi Public Library
Hit Counter
free hit counter